000
00285nam a2200121Ia 4500
005
20251222154329.0
008
251222s9999||||xx |||||||||||||| ||spa||
020
_a
84-320-9117-0
082
_a
839.31/M26
100
_a
"Marryat, Frederick"
245
0
_a
El buque fantasma
942
_c
LIB
999
_c
34087
_d
34087